The digital photography workbook / (Record no. 104587)

MARC details
000 -LEADER
campo de control de longitud fija 01109cam a2200349Ia 4500
001 - NÚMERO DE CONTROL
campo de control 98262
005 - FECHA Y HORA DE LA ÚLTIMA TRANSACCIÓN
campo de control 20230411085615.0
008 - DATOS DE LONGITUD FIJA--INFORMACIÓN GENERAL
campo de control de longitud fija 020803s2002 vtua f 001 0 eng d
010 ## - NÚMERO DE CONTROL DE LA BIBLIOTECA DEL CONGRESO
Número de control de LC 2002101775
035 ## - NÚMERO DE CONTROL DEL SISTEMA
Número de control de sistema (OCoLC)ocm50291467
040 ## - FUENTE DE CATALOGACIÓN
Centro catalogador/agencia de origen DPB
Centro/agencia transcriptor DPB
Centro/agencia modificador BAKER
-- OCLCG
020 ## - NÚMERO INTERNACIONAL ESTÁNDAR DEL LIBRO
Número Internacional Estándar del Libro 1570762325 (pbk.)
020 ## - NÚMERO INTERNACIONAL ESTÁNDAR DEL LIBRO
Número Internacional Estándar del Libro 9781570762321 (pbk.)
035 ## - NÚMERO DE CONTROL DEL SISTEMA
Número de control de sistema (OCoLC)50291467
050 14 - SIGNATURA TOPOGRÁFICA DE LA BIBLIOTECA DEL CONGRESO
Número de clasificación TR 267
Número de ítem J74d 2002
082 00 - NÚMERO DE LA CLASIFICACIÓN DECIMAL DEWEY
Número de clasificación 778.3
049 ## - FONDOS LOCALES (OCLC)
Biblioteca depositaria GRAL
100 1# - ENTRADA PRINCIPAL--NOMBRE DE PERSONA
Nombre de persona Joinson, Simon.
245 14 - MENCIÓN DEL TÍTULO
Título The digital photography workbook /
Mención de responsabilidad, etc. Simon Joinson and Peter Cope.
260 ## - PUBLICACIÓN, DISTRIBUCIÓN, ETC.
Lugar de publicación, distribución, etc. North Pomfret, Vt. :
Nombre del editor, distribuidor, etc. Trafalgar Square Pub.,
Fecha de publicación, distribución, etc. c2002.
300 ## - DESCRIPCIÓN FÍSICA
Extensión 208 p. :
Otras características físicas ill. (some col.) ;
Dimensiones 26 cm.
500 ## - NOTA GENERAL
Nota general Incluye índice..
650 #0 - PUNTO DE ACCESO ADICIONAL DE MATERIA--TÉRMINO DE MATERIA
Término de materia o nombre geográfico como elemento de entrada Photography
Subdivisión general Digital techniques
Subdivisión de forma Handbooks, manuals, etc.
650 #4 - PUNTO DE ACCESO ADICIONAL DE MATERIA--TÉRMINO DE MATERIA
Término de materia o nombre geográfico como elemento de entrada Fotografía
Subdivisión general Técnicas digitales.
650 #4 - PUNTO DE ACCESO ADICIONAL DE MATERIA--TÉRMINO DE MATERIA
Término de materia o nombre geográfico como elemento de entrada Fotografía
Subdivisión general Técnicas.
650 #4 - PUNTO DE ACCESO ADICIONAL DE MATERIA--TÉRMINO DE MATERIA
Término de materia o nombre geográfico como elemento de entrada Retratos
Subdivisión general Técnicas digitales.
700 1# - ENTRADA AGREGADA--NOMBRE PERSONAL
Nombre de persona Cope, Peter,
Fechas asociadas al nombre 1958-
938 ## -
-- Baker & Taylor
-- BKTY
-- 24.95
-- 18.71
-- 1570762325
-- 0003897591
-- active
942 ## - ELEMENTOS DE ENTRADA SECUNDARIOS (KOHA)
Fuente del sistema de clasificación o colocación Clasificación de Library of Congress
Tipo de ítem Koha
994 ## -
-- C0
-- DRFGD
946 ## - PROCESAMIENTO DE INFORMACIÓN LOCAL (OCLC)
a nc
Holdings
Estatus retirado Estado de pérdida Fuente del sistema de clasificación o colocación Estado de daño No para préstamo Colección Biblioteca de origen Biblioteca actual Ubicación en estantería Fecha de adquisición Signatura topográfica completa Código de barras Visto por última vez Copia número Tipo de ítem Koha
    Clasificación de Library of Congress     Colección de Tecnología Biblioteca Juan Bosch Biblioteca Juan Bosch Humanidades (4to. Piso) 11/04/2023 TR 267 J74d 2002 00000092183 21/01/2019 1